banner koha

High resveratrol or quercetin concentrations reduce the oscillation index of frozen goat semen (Registro n. 329816)

MARC details
000 -LÍDER
fixed length control field 04601nab a2200325 i 4500
003 - CÓDIGO MARC DA AGÊNCIA CATALOGADORA
Campo de controle BR-BrBNA
005 - DATA E HORA DA ÚLTIMA ATUALIZAÇÃO
Campo de controle 20250204132225.0
008 - CAMPO DE TAMANHO FIXO
fixed length control field 250204b2016 bl.|r|pooa||| 00| 0 eng |
040 ## - FONTE DA CATALOGAÇÃO
Agência catalogadora BR-BrBNA
Idioma da catalogação eng
072 ## - CATEGORIA AGRIS
Código AGRIS L53
Código do objeto 5250
100 ## - ENTRADA PRINCIPAL - NOME PESSOAL
Nome pessoal Silva, E.C.B.
100 ## - ENTRADA PRINCIPAL - NOME PESSOAL
Nome pessoal Arruda, L.C.P.
100 ## - ENTRADA PRINCIPAL - NOME PESSOAL
Nome pessoal Silva, S.V.
100 ## - ENTRADA PRINCIPAL - NOME PESSOAL
Nome pessoal Souza, H.M.
100 ## - ENTRADA PRINCIPAL - NOME PESSOAL
Nome pessoal Guerra, M.M.P.
245 ## - TÍTULO PRINCIPAL
Título principal High resveratrol or quercetin concentrations reduce the oscillation index of frozen goat semen
500 ## - NOTA GERAL
Nota geral <br/>Publicação online; 21 ref.; 4 tables; Summaries (En, Pt)
942 ## - ADDED ENTRY ELEMENTS (KOHA)
Koha item type Analítica
520 ## - NOTA DE RESUMO
Nota de conteúdo <br/><br/><br/>ABSTRACT - The aim of this study was to evaluate the effect of different concentrations of trans-resveratrol or quercetin on the ability of goat sperm to withstand being frozen. Six pools of semen obtained from six male goats were processed with different concentrations of resveratrol or quercetin (Experiment 1: 0, 15, 25, 50, 75 or 100µM resveratrol; Experiment 2: 0, 15, 25, 50, 75 or 100µM quercetin) and frozen. After thawing, the semen was evaluated for sperm kinematics, plasma membrane and acrosome integrity, morphology and oxidative stress following 0 and 1h of incubation. Immediately after thawing (0h), wobble (oscillation index) in the groups treated with 100µM of quercetin or resveratrol was lower (P<0.05) than in those treated with 0 and 25µM resveratrol and 0µM quercetin, respectively. After 1h of incubation, the total motility in treatments with 15, 50 and 75µM quercetin, as well as the plasma membrane integrity in all quercetin concentrations were lower (P<0.05) than at 0h. In opposition, the linearity of semen samples treated with 100µM quercetin and the straightness of those treated with 75 and 100µM quercetin were lower (P<0.05) at 0h than at 1h after thawing. Thus, it can be concluded that resveratrol and quercetin at high concentrations (100µM) transiently reduce the wobble of goat sperm submitted to frozen storage, and that quercetin (75 and 100µM) increases the linearity and straightness over time, which can be favorable for fertility.<br/><br/><br/>Keywords: antioxidant, flavonoid, no flavonoid, oxidative stress, semen freezing
520 ## - NOTA DE RESUMO
Nota de conteúdo <br/><br/><br/>RESUMO - O objetivo deste estudo foi avaliar o efeito de diferentes concentrações de transresveratrol ou quercetina sobre a capacidade dos espermatozoides caprinos de resistirem à congelação. Seis pools de sêmen, obtidos de seis reprodutores caprinos, foram processados com diferentes concentrações de resveratrol ou quercetina (Experimento 1: 0, 15, 25, 50, 75 ou 100μM de resveratrol; Experimento 2: 0, 15, 25, 50, 75 ou 100μM de quercetina) e congelados. Após o descongelamento, o sêmen foi avaliado quanto à cinética espermática, à integridade das membranas plasmática e acrossomal, à morfologia e ao estresse oxidativo nos tempos zero e uma hora de incubação. Imediatamente após a descongelação (zero hora), o wobble (índice de oscilação) nos grupos tratados com 100μM de quercetina ou de resveratrol foi menor (P<0,05) do que nos tratados com 0 e 25μM de resveratrol e com 0μM de quercetina, respectivamente. Após uma hora de incubação, a motilidade total dos tratamentos com 15, 50 e 75µM de quercetina, assim como a integridade de membrana plasmática em todas as concentrações de quercetina, foi menor (P<0,05) do que à zero hora. Em oposição, a linearidade das amostras de sêmen tratadas com 100µM de quercetina e a retilinearidade daquelas tratadas com 75µM e 100µM de quercetina foram menores (P<0,05) à zero hora do que à uma hora após descongelação. Assim, pode-se concluir que o resveratrol e a quercetina, em concentrações elevadas (100μM), reduzem, transitoriamente, o índice de oscilação de espermatozoides caprinos submetidos à congelação e que a quercetina (75 e 100µM) aumenta a linearidade e a retilinearidade ao longo do tempo, o que pode ser favorável à fertilidade.<br/><br/><br/>Palavras-chaves: antioxidante, flavonoide, não flavonoide, estresse oxidativo, congelação de sêmen
650 ## - ASSUNTO - THESAGRO
Cabeçalho tópico ou nome geográfico CAPRINO
650 ## - ASSUNTO - THESAGRO
Cabeçalho tópico ou nome geográfico REPRODUÇÃO ANIMAL
650 ## - ASSUNTO - THESAGRO
Cabeçalho tópico ou nome geográfico SÊMEN
650 ## - ASSUNTO - THESAGRO
Cabeçalho tópico ou nome geográfico CONGELAMENTO
650 ## - ASSUNTO - THESAGRO
Cabeçalho tópico ou nome geográfico ANTIOXIDANTE
650 ## - ASSUNTO - THESAGRO
Cabeçalho tópico ou nome geográfico FLAVONOIDE
773 0# - ENTRADA ANALÍTICA
Host Biblionumber 1643
Registro do item 348181
Imprenta Belo Horizonte-MG Universidade Federal de Minas Gerais - Escola de Veterinaria 1983
Outro identificador 2025-0670
Título Arquivo Brasileiro de Medicina Veterinária e Zootecnia (Brazil)
ISSN 0102-0935
Colação v. 68(5) p. 1237-1243; (2016)
Número de controle de registro BR2024004660
856 ## - ACESSO E ENDEREÇO ELETRÔNICO
Identificador uniforme de recurso - URI https://www.scielo.br/j/abmvz/a/3dgjYpnvZQQ65YYxc9qdycQ/?format=pdf&lang=en

Nenhum exemplar disponível.

BINAGRI

Telefone: (61)3218-2567/2388/3357/2097 - binagri@agro.gov.br

Ministério da Agricultura e Pecuária , Esplanada dos Ministérios, Bloco D, Anexo B, Brasília/DF, CEP: 70.043-900